000 00909cam a22002537a 4500
001 18692913
005 20180228032822.0
008 150709s2013 cau b 001 0 eng d
010 _a 2012533068
020 _a9781118488140
020 _a1118488148
035 _a(OCoLC)ocn828146602
040 _aNGU
_cNGU
_dYDXCP
_dOCLCF
_dOCLCO
_dDLC
041 _aeng
042 _alccopycat
080 _a616 STE
100 _a4
101 _aSHM
245 0 0 _aTo improve health and health care /
_cStephen L. Isaacs and David C. Colby, editors ; foreword by Risa Lavizzo-Mourey.
504 _aIncludes bibliographical references and index.
906 _a7
_bcbc
_ccopycat
_d2
_encip
_f20
_gy-gencatlg
942 _2ddc
_cBK
999 _c43670
_d43670